| 000 | 00898nam a2200205 a 4500 | ||
|---|---|---|---|
| 008 | 060316s1995 ||||||||||||||||| || u | ||
| 020 | _a0521477395 | ||
| 050 | _aQA 925 Saf | ||
| 100 | _aSaffman, P. G | ||
| 245 | 1 | 0 | _aVortex dynamics |
| 260 |
_aCambridge : _bCambridge University Press _c1995 |
||
| 300 | _axi, 311 p. : ill. | ||
| 350 | _a0.00 | ||
| 490 | _aCambridge monographs on mechanics and applied mathematics | ||
| 500 | _aIncludes bibliographical references  | ||
| 650 | _aVORTEX - MOTION | ||
| 856 | _uhttp://www.loc.gov/catdir/description/cam027/95138986.html | ||
| 995 |
_D0.00 _FCBU-MAIN LIBRARY (Kitwe) _H1 _I35.00 _UAVAILABLE _ZAnnex Low-Usage Collection |
||
| 995 |
_D0.00 _FCBU-MAIN LIBRARY (Kitwe) _H2 _I35.00 _UAVAILABLE _ZAnnex Low-Usage Collection |
||
| 999 |
_c78389 _d78389 |
||